000 00396cam a22001337a 4500
008 180718b1980 xxu||||| |||| 00| 0 eng d
082 _aAPPPA 79-80 RAM
100 _aRaman, N.
245 _aInventory budgeting in railways: a review
_cby N. Raman
260 _aNew Delhi
_bIndian Institute of Public Administration
_c1980
300 _a198p.
650 _aRailways
650 _aInventory budgeting
999 _c501182
_d501182